00262nam a22000977a 4500008004100000082002100041245004900062260003600111300000900147440000800156230703b xxu||||| |||| 00| 0 eng d a342.16bIPU 1996 aConstitutional and Parliamentary Information bInter-Parliamentary Unionc1996 a293p n172